Water-quality assessment of part of the upper Mississippi River basin, Minnesota and Wisconsin--volatile organic compounds in surface and ground water, 1978-94 /

Bibliographic Details
Main Authors: Andrews, William J., 1962- (Author), Fallon, James D. (Author), Kroening, Sharon E. (Author)
Corporate Author: National Water-Quality Assessment Program (U.S.)
Format: Government Document eBook
Language:English
Published: Mounds View, Minnesota : U.S. Geological Survey, 1995.
Series:Water-resources investigations report ; 95-4216.
Subjects:
Online Access:https://purl.fdlp.gov/GPO/gpo184857

MARC

Tag First Indicator Second Indicator Subfields
LEADER 00000nam a2200000 i 4500
001 in00004591124
006 m o d f
007 cr b|||||||ada
008 101117s1995 mnuab ob f000 0 eng c
005 20220812191041.1
035 |a (OCoLC)ocn682119265 
040 |a OCLCE  |b eng  |e rda  |e pn  |c OCLCE  |d OCLCQ  |d OCLCF  |d OCLCQ  |d OCLCO  |d OCLCQ  |d COP  |d OCLCA  |d OCLCQ  |d OCLCO  |d GPO  |d MvI 
042 |a dlr  |a pcc 
043 |a n-us-mn  |a n-us-wi 
049 |a WWW 
050 4 |a GB701  |b .W375 no. 95-4216 
074 |a 0624-B-05 (online) 
086 0 |a I 19.42/4:95-4216 
100 1 |a Andrews, William J.,  |d 1962-  |e author. 
245 1 0 |a Water-quality assessment of part of the upper Mississippi River basin, Minnesota and Wisconsin--volatile organic compounds in surface and ground water, 1978-94 /  |c by William J. Andrews, James D. Fallon, and Sharon E. Kroening. 
264 1 |a Mounds View, Minnesota :  |b U.S. Geological Survey,  |c 1995. 
300 |a 1 online resource (vii, 39 pages) :  |b illustrations, maps (some color). 
336 |a text  |b txt  |2 rdacontent 
337 |a computer  |b c  |2 rdamedia 
338 |a online resource  |b cr  |2 rdacarrier 
490 1 |a Water-resources investigations report ;  |v 95-4216 
500 |a "Contribution from the National Water Quality Assessment Program." 
500 |a GPO Cataloging Record Distribution Program (CRDP). 
504 |a Includes bibliographical references (pages 37-39). 
588 |a Description based on online resource; title from PDF title page (USGS, viewed July 27, 2022). 
650 0 |a Water quality  |z Mississippi River Watershed. 
650 0 |a Water quality  |z Minnesota. 
650 0 |a Water quality  |z Wisconsin. 
650 0 |a Groundwater  |x Pollution  |z Mississippi River Watershed. 
650 0 |a Groundwater  |x Pollution  |z Minnesota. 
650 0 |a Groundwater  |x Pollution  |z Wisconsin. 
650 0 |a Volatile organic compounds  |z Mississippi River Watershed. 
650 0 |a Volatile organic compounds  |z Minnesota. 
650 0 |a Volatile organic compounds  |z Wisconsin. 
650 7 |a Water quality.  |2 fast  |0 (OCoLC)fst01171832 
651 7 |a Minnesota.  |2 fast  |0 (OCoLC)fst01204560 
651 7 |a Mississippi River Watershed.  |2 fast  |0 (OCoLC)fst01265281 
651 7 |a Wisconsin.  |2 fast  |0 (OCoLC)fst01204595 
700 1 |a Fallon, James D.,  |e author. 
700 1 |a Kroening, Sharon E.,  |e author. 
710 2 |a Geological Survey (U.S.),  |e issuing body. 
710 2 |a National Water-Quality Assessment Program (U.S.) 
776 0 8 |i Print version:  |a Andrews, William J., 1962-  |t Water-quality assessment of part of the upper Mississippi River Basin, Minnesota and Wisconsin  |w (DLC) 96131671  |w (OCoLC)34090145 
830 0 |a Water-resources investigations report ;  |v 95-4216. 
856 4 0 |u https://purl.fdlp.gov/GPO/gpo184857  |t 0 
999 f f |s 285b3d95-91cf-4cb9-a64f-5c3dac0e9646  |i 285b3d95-91cf-4cb9-a64f-5c3dac0e9646  |t 0 
952 f f |a Texas A&M University  |b College Station  |c Electronic Resources  |d Available Online  |t 0  |e I 19.42/4:95-4216  |h Superintendent of Documents classification 
998 f f |a I 19.42/4:95-4216  |t 0  |l Available Online